000 00270nam a22001217a 4500
008 170814b xxu||||| |||| 00| 0 eng d
041 _aeng
080 _a51
100 _a36
101 _aMAT
245 _aA FIRST COURSE IN ABSTRACT ALGEBRA
_cPALEY,H
942 _2udc
_cBK
999 _c23332
_d23332